000 00960cam a22002893a 4500
001 26993
003 PGUSA
005 20140828083600.0
008 081022s2008||||xxu|||||s|||||000 1 eng d
040 _aPGUSA
_beng
042 _adc
050 4 _aPZ
100 1 _aMunroe, Kirk,
_d1850-1930
245 1 4 _aThe Copper Princess :
_bA Story of Lake Superior Mines
_h[electronic resource] /
_cKirk Munroe
260 _bProject Gutenberg,
_c2008
506 _aPublic domain in the USA.
516 _aElectronic text
653 _aUpper Peninsula (Mich.) -- Juvenile fiction
653 _aAdventure and adventurers -- Juvenile fiction
653 _aFathers and daughters -- Juvenile fiction
653 _aMiners -- Juvenile fiction
653 _aCopper mines and mining -- Juvenile fiction
700 1 _aRogers, W. A.
_q(William Allen),
_d1854-1931
830 0 _aProject Gutenberg
_v26993
856 4 0 _uhttp://www.gutenberg.org/ebooks/26993
942 _cEB
999 _c256248
_d256248